L'Ordre du Christ au XXe siècle - Statistiques

Statistiques générales
  • Ce quiz a été pris 15 fois
  • Le résultat moyen est 5 sur 16
Statistiques - réponses
Par images Hint Réponse % Correct
France - 1959 - CdG Charles de Gaulle
93%
Espagne - 1953 - FF Francisco Franco
87%
France - 1957 - RC René Coty
67%
Allemagne - 1963 - KA Konrad Adenauer
40%
Italie - 1932 - VE 3 Victor-Emmanuel III
40%
France - 1935 - AL Albert Lebrun
33%
Italie - 1987 - Angelo de Mojana di Cologna Angelo de Mojana di Cologna
27%
Pays-Bas - 1966 - Maximilien de Furstenberg Maximilien de Furstenberg
27%
Belgique - 1961 - B Baudouin
20%
Luxembourg - Félix de BP Félix de Bourbon-Parme
20%
Italie - 1933 - Fra Ludovico Chigi Albani della Rovere Fra Ludovico Chigi Albani della Rovere
20%
Irlande - 1962 - EdV Eamon de Valera
13%
Italie - 1932 - H2 Humbert II
7%
Italie - 1963 - AS Antonio Segni
0%
Italie - 1954 - LE Luigi Einaudi
0%
Autriche - 1933 - WM Wilhelm Miklas
0%
Aucun quiz correspondant
Distribution des résultats
% des personnes avec chaque résultat
Percentile par nombre de réponses
Votre historique - résultats
Vous n’avez pas pris ce quiz